00728nam a2200193 i 4500003000900000005001700009007000300026008004100029040003000070082001900100110005100119245009000170264008800260300004700348336002700395337003300422338002800455710005100483DO-SdBNP20250610134127.0ta250610t200u dr bo 000 0 spa d aDO-SdBNPbspacBNPHUerda axxxxbA1882221 aOficina de Cooperación Internacional (AECID)10aActa de la VII reunión de la comisión mixta hispano-dominicana de cooperación / a[Santo Domingo] :bAECID,bEmbajada de España en República Dominicana,c[2009]. a51 páginasbmapas, fotografíasc31 cm. atextobtxt2rdacontent asin mediaciónbn2rdamedia avolumenbnc2rdacarrier1 aEmbajada de España en República Dominicana